[Event "8MCR_4D_1L_4S"]
[Site "?"]
[Date "2008.??.??"]
[Round "?"]
[White "Chvojka, Jaroslav"]
[Black "Sojka, Vaclav"]
[Result "1/2-1/2"]
[WhiteElo "2231"]
[BlackElo "2000"]
[PlyCount "100"]
[EventDate "2008.??.??"]
[EventType "corr"]

1. d4 d5 2. c4 c6 3. Nc3 Nf6 4. Nf3 e6 5. e3 Nbd7 6. Bd3 dxc4 7. Bxc4 b5 8. Bd3
a6 9. e4 c5 10. e5 cxd4 11. Ne2 Nd5 12. Nexd4 Qc7 13. Qe2 Bb4+ 14. Kf1 Bb7 15.
a3 Bc5 16. Nb3 Rc8 17. Bd2 Qb8 18. Kg1 Bb6 19. a4 bxa4 20. Rxa4 Bc7 21. Na5 Nc5
22. Ra1 Bxa5 23. Rxa5 Nxd3 24. Qxd3 Rd8 25. Qc2 Ne7 26. h4 Bxf3 27. gxf3 O-O
28. Bc3 Rd5 29. Rxa6 Ng6 30. Kg2 Nxe5 31. Bxe5 Rxe5 32. Rd1 Rb5 33. Rd2 Rb4 34.
Ra4 h6 35. Rxb4 Qxb4 36. Kg3 Qb8+ 37. f4 Rc8 38. Qd3 Qc7 39. b4 Qb7 40. b5 Rc5
41. Rb2 Rd5 42. Qe2 Rd6 43. f3 Qb8 44. Qe3 Rb6 45. Qc5 Kh7 46. h5 Kh8 47. Rb3
Kh7 48. Qc2+ f5 49. Qc5 Qb7 50. Rb2 Qb8 1/2-1/2

[Event "8MCR_4D_1L_4S"]
[Site "?"]
[Date "2008.??.??"]
[Round "?"]
[White "Chvojka, Jaroslav"]
[Black "Tomisek, Petr"]
[Result "0-1"]
[WhiteElo "2231"]
[BlackElo "2186"]
[PlyCount "160"]
[EventDate "2008.??.??"]
[EventType "corr"]

1. d4 Nf6 2. Bg5 c5 3. Nc3 Qa5 4. Bxf6 gxf6 5. e3 cxd4 6. Qxd4 d6 7. Qd5 Qxd5
8. Nxd5 Kd8 9. O-O-O Nc6 10. Ne2 Be6 11. Nef4 Bh6 12. Nxe6+ fxe6 13. Nc3 f5 14.
g3 Rc8 15. Kb1 Kd7 16. Bg2 Bg7 17. Nb5 a6 18. Nd4 Rhf8 19. c3 e5 20. Nb3 Kc7
21. Nd2 e6 22. e4 Rce8 23. exf5 Rxf5 24. f3 d5 25. Rhe1 Rh5 26. Nf1 b5 27. h4
Rh6 28. Bh3 Rf8 29. Re3 Rhf6 30. Nh2 h5 31. Rde1 Bh6 32. R3e2 Rg8 33. g4 Bf4
34. gxh5 Kd6 35. Ng4 Rf5 36. Rh1 Rh8 37. Ne3 Rfxh5 38. Ng2 R5h6 39. Bg4 b4 40.
Rd1 bxc3 41. bxc3 Rb8+ 42. Ka1 Rf6 43. Nxf4 Rxf4 44. h5 Rg8 45. Rb2 e4 46. c4
d4 47. c5+ Ke5 48. Rb6 e3 49. Kb2 Kd5 50. Bxe6+ Kxe6 51. Rxc6+ Kd5 52. Rg6 Rh8
53. Kc2 Rxh5 54. Kd3 Rh2 55. Rg5+ Kc6 56. Rb1 Rd2+ 57. Kc4 Rc2+ 58. Kd3 Rc3+
59. Ke2 Rxc5 60. Rg6+ Kc7 61. Rh1 Rc2+ 62. Kd3 Rd2+ 63. Kc4 Rf7 64. Rxa6 Kb8
65. Rb1+ Rb7 66. Rh1 Rc7+ 67. Kd5 e2 68. Ra3 Re7 69. Rb1+ Rb7 70. Rh1 Rdb2 71.
Re1 Rd7+ 72. Ke4 Rd2 73. Rb3+ Rb7 74. f4 Rxb3 75. axb3 d3 76. Ke3 Rd1 77. Kf2
Kc7 78. b4 Kc6 79. f5 Kd5 80. f6 Ke4 0-1

[Event "8MCR_4D_1L_4S"]
[Site "?"]
[Date "2008.??.??"]
[Round "?"]
[White "Ertlova, Natalie"]
[Black "Alexa, Jaroslav"]
[Result "1/2-1/2"]
[WhiteElo "1600"]
[BlackElo "2353"]
[PlyCount "107"]
[EventDate "2008.??.??"]
[EventType "corr"]

1. e4 c5 2. Nf3 Nc6 3. Nc3 d6 4. d4 cxd4 5. Nxd4 Nf6 6. Bg5 e6 7. Qd2 Be7 8. f3
O-O 9. O-O-O Nxd4 10. Qxd4 a6 11. h4 Qc7 12. g4 b5 13. Be3 e5 14. Qb6 Qxb6 15.
Bxb6 b4 16. Na4 Bd7 17. b3 a5 18. Rh2 Bxa4 19. bxa4 Nd7 20. Bc7 Nc5 21. Bb5 Nb7
22. Bd7 Ra7 23. Bb6 Ra6 24. Be3 Nc5 25. Bb5 Ra7 26. Bxc5 dxc5 27. Rd5 Rd8 28.
Rxe5 Bd6 29. Rd2 Raa8 30. Rf5 g6 31. Rf6 Be7 32. Rc6 Bxh4 33. Rxc5 Rxd2 34.
Kxd2 Be7 35. Rc7 Bd8 36. Rb7 Rc8 37. Ke3 Kg7 38. Bd3 Rc7 39. Rb8 Rd7 40. f4 g5
41. f5 f6 42. Kf3 Bc7 43. Rb7 Re7 44. Ra7 Bd8 45. Ra6 Bc7 46. Bc4 Bd8 47. Be6
Bc7 48. Ra8 Kh6 49. Bb3 Kg7 50. e5 Bxe5 51. Rxa5 Bd4 52. Be6 Rc7 53. Ra8 Rxc2
54. a5 1/2-1/2

[Event "8MCR_4D_1L_4S"]
[Site "?"]
[Date "2008.??.??"]
[Round "?"]
[White "Ertlova, Natalie"]
[Black "Kosek, Lubomir"]
[Result "1-0"]
[WhiteElo "1600"]
[BlackElo "2062"]
[PlyCount "89"]
[EventDate "2008.??.??"]
[EventType "corr"]

1. e4 c5 2. Nf3 Nc6 3. Nc3 d6 4. d4 cxd4 5. Nxd4 a6 6. Be2 g6 7. Be3 Nf6 8. Nd5
Nxd5 9. exd5 Qa5+ 10. c3 Ne5 11. Qb3 Bg7 12. O-O O-O 13. Rfe1 Rb8 14. h3 Nd7
15. a4 h6 16. Ra3 Re8 17. Qa2 Nf6 18. b4 Qc7 19. Bd3 Kh7 20. a5 e5 21. dxe6
fxe6 22. Ne2 e5 23. Ba7 Ra8 24. Bb6 Qe7 25. Nf4 Bf5 26. Bxf5 gxf5 27. Nd5 Nxd5
28. Qxd5 Rac8 29. c4 Rf8 30. Rd3 Qf7 31. Qxd6 Qxc4 32. Rd5 Rce8 33. Red1 Rf7
34. Bc5 f4 35. Qb6 Qb3 36. Rd7 Re6 37. Qd8 Rxd7 38. Qxd7 Rf6 39. Kh2 f3 40. g3
Rf7 41. Qe8 Qc4 42. h4 Rf4 43. Qc8 Rf7 44. h5 Rf5 45. Qxf5+ 1-0

[Event "8MCR_4D_1L_4S"]
[Site "?"]
[Date "2008.??.??"]
[Round "?"]
[White "Ertlova, Natalie"]
[Black "Krizek, Alex"]
[Result "1-0"]
[WhiteElo "1600"]
[BlackElo "1956"]
[PlyCount "57"]
[EventDate "2008.??.??"]
[EventType "corr"]

1. e4 c5 2. Nf3 d6 3. d4 cxd4 4. Nxd4 Nf6 5. Nc3 a6 6. Be3 Nc6 7. f3 e5 8. Nb3
Be7 9. Qd2 O-O 10. O-O-O Be6 11. Nd5 Bxd5 12. exd5 Na7 13. g4 Nc8 14. g5 Nd7
15. Kb1 a5 16. a4 f5 17. f4 Ncb6 18. Bb5 Rc8 19. Qe2 Qc7 20. h4 Kh8 21. Rh3 Nc4
22. Bg1 Ncb6 23. fxe5 dxe5 24. d6 Bxd6 25. Rc3 Qb8 26. Rcd3 Bc5 27. Bh2 f4 28.
Bxd7 Nxd7 29. Rxd7 1-0

[Event "8MCR_4D_1L_4S"]
[Site "?"]
[Date "2008.??.??"]
[Round "?"]
[White "Ertlova, Natalie"]
[Black "Schoupal, Patrik"]
[Result "1/2-1/2"]
[WhiteElo "1600"]
[BlackElo "2000"]
[PlyCount "62"]
[EventDate "2008.??.??"]
[EventType "corr"]

1. e4 c5 2. Nf3 d6 3. d4 cxd4 4. Nxd4 Nf6 5. Nc3 a6 6. Be3 e6 7. f3 b5 8. g4 h6
9. Qd2 b4 10. Na4 Nbd7 11. O-O-O Ne5 12. Qxb4 Bd7 13. Bf4 g5 14. Bd2 Rb8 15.
Qa3 a5 16. Bc3 Qc7 17. Be1 Qa7 18. h4 Rg8 19. hxg5 hxg5 20. Kb1 Be7 21. b3 d5
22. Qb2 Nc4 23. Bxc4 dxc4 24. Bg3 Rb7 25. Nc3 a4 26. e5 Nd5 27. Nxd5 exd5 28.
Rh6 Bf8 29. Rf6 Be7 30. Rh6 Bf8 31. Rf6 Be7 1/2-1/2

[Event "8MCR_4D_1L_4S"]
[Site "?"]
[Date "2008.??.??"]
[Round "?"]
[White "Ertlova, Natalie"]
[Black "Tomisek, Petr"]
[Result "1/2-1/2"]
[WhiteElo "1600"]
[BlackElo "2186"]
[PlyCount "88"]
[EventDate "2008.??.??"]
[EventType "corr"]

1. e4 e5 2. Nf3 Nc6 3. Bb5 f5 4. Nc3 fxe4 5. Nxe4 d5 6. Nxe5 dxe4 7. Nxc6 Qg5
8. Qe2 Nf6 9. f4 Qxf4 10. Nxa7+ Bd7 11. Bxd7+ Kxd7 12. Qb5+ Ke6 13. Qb3+ Kd7
14. Qxb7 Bd6 15. Qb5+ Ke6 16. Qb3+ Kd7 17. Qf7+ Be7 18. Nc6 Kxc6 19. Qxe7 Rae8
20. Qa3 Rhf8 21. Qg3 Qf5 22. Rf1 Qh5 23. Qc3+ Kb7 24. Qb3+ Ka6 25. Qh3 Qxh3 26.
gxh3 Nd5 27. a3 Nf4 28. b4 g5 29. Rf2 Nxh3 30. Rxf8 Rxf8 31. Bb2 Ng1 32. a4 h5
33. b5+ Kb7 34. a5 Rf5 35. Bc3 g4 36. Rb1 h4 37. b6 Nf3+ 38. Ke2 Rf8 39. Ke3 g3
40. hxg3 hxg3 41. bxc7+ Kxc7 42. Kxe4 g2 43. Be5+ Nxe5 44. Rg1 Re8 1/2-1/2

[Event "8MCR_4D_1L_4S"]
[Site "?"]
[Date "2008.??.??"]
[Round "?"]
[White "Ertlova, Natalie"]
[Black "Vacek, Frantisek"]
[Result "1-0"]
[WhiteElo "1600"]
[BlackElo "2131"]
[PlyCount "121"]
[EventDate "2008.??.??"]
[EventType "corr"]

1. e4 e6 2. d4 d5 3. Nc3 dxe4 4. Nxe4 Bd7 5. Nf3 Bc6 6. Bd3 Nd7 7. O-O Ngf6 8.
Ng3 Be7 9. Qe2 O-O 10. Rd1 b6 11. Ne5 Bb7 12. Bg5 h6 13. Bf4 Bd6 14. a4 a5 15.
Bb5 Qe7 16. Bd2 Rad8 17. c3 Nb8 18. Nh5 Ne4 19. Bf4 Nf6 20. Nxf6+ Qxf6 21. Bg3
Qe7 22. Qg4 Qg5 23. Qxg5 hxg5 24. h4 gxh4 25. Bxh4 f6 26. Ng6 Rf7 27. Re1 Bd5
28. c4 Bb7 29. Rxe6 c6 30. c5 bxc5 31. Bc4 Ba6 32. Ba2 c4 33. f4 Bb4 34. f5
Rfd7 35. Bf2 Kf7 36. Rc1 Re8 37. Rxc4 Bxc4 38. Bxc4 Rxe6 39. Bxe6+ Ke8 40.
Bxd7+ Nxd7 41. Nf4 c5 42. Nd5 Kd8 43. Kf1 cxd4 44. Nxb4 axb4 45. Bxd4 Kc7 46.
Ke2 Kc6 47. Kd3 Kd5 48. a5 Nb8 49. g4 Na6 50. g5 fxg5 51. Bxg7 Nb8 52. Ke3 g4
53. Kf4 g3 54. Kxg3 Kc5 55. f6 Kb5 56. Kf4 Nc6 57. f7 Nd8 58. f8=Q Ne6+ 59. Ke5
Nxf8 60. Bxf8 Kxa5 61. b3 1-0

[Event "8MCR_4D_1L_4S"]
[Site "?"]
[Date "2008.??.??"]
[Round "?"]
[White "Ertlova, Natalie"]
[Black "Zimniok, Lubomir"]
[Result "1-0"]
[WhiteElo "1600"]
[BlackElo "2000"]
[PlyCount "87"]
[EventDate "2008.??.??"]
[EventType "corr"]

1. e4 c5 2. Nf3 Nf6 3. e5 Nd5 4. Nc3 Nc7 5. d4 cxd4 6. Qxd4 Nc6 7. Qe4 e6 8. a3
d5 9. exd6 Bxd6 10. Be3 f5 11. Qd3 Ne5 12. Nxe5 Bxe5 13. Qxd8+ Kxd8 14. O-O-O+
Ke8 15. g3 Bxc3 16. bxc3 Nd5 17. Bd4 Rg8 18. c4 Ne7 19. Bg2 Nc6 20. Bc3 Bd7 21.
Rd6 Rc8 22. Rhd1 Rc7 23. h4 g6 24. Bxc6 bxc6 25. Bf6 Rb7 26. R6d3 Rf8 27. Bg5
Rf7 28. Re3 Kf8 29. Rd6 Rb8 30. Bf4 Ra8 31. Rb3 a5 32. Kd2 a4 33. Rb7 Be8 34.
Rb6 Bd7 35. c5 Kg7 36. Ke3 Kg8 37. Be5 Kf8 38. Kf4 h6 39. Bf6 Ke8 40. Rb7 Rc8
41. Ke5 Ra8 42. Rd4 Rh7 43. Rdb4 f4 44. Rxf4 1-0

[Event "8MCR_4D_1L_4S"]
[Site "?"]
[Date "2008.??.??"]
[Round "?"]
[White "Karasova, Eva"]
[Black "Alexa, Jaroslav"]
[Result "1/2-1/2"]
[WhiteElo "1900"]
[BlackElo "2353"]
[PlyCount "118"]
[EventDate "2008.??.??"]
[EventType "corr"]

1. e4 c5 2. Nf3 Nc6 3. d4 cxd4 4. Nxd4 Nf6 5. Nc3 e5 6. Ndb5 d6 7. Nd5 Nxd5 8.
exd5 Nb8 9. Bd3 Be7 10. O-O O-O 11. Be3 a6 12. Nc3 f5 13. f3 Nd7 14. Qd2 Nc5
15. Be2 Qc7 16. a4 f4 17. Bf2 Bf5 18. b4 Nd7 19. a5 Rac8 20. Ra3 Qd8 21. Ne4
Nf6 22. Nxf6+ Bxf6 23. c4 Be7 24. Bd3 Bh4 25. Bxh4 Qxh4 26. c5 Bxd3 27. Rxd3
Qe7 28. Rc3 Rfd8 29. c6 Qc7 30. Rb1 bxc6 31. Rxc6 Qa7+ 32. Kh1 Rb8 33. Qd3 Rb5
34. h3 g6 35. Qc3 Qd4 36. Rc1 Qxc3 37. R1xc3 Rxb4 38. Rxa6 Kf7 39. Rcc6 Ke7 40.
Ra7+ Rd7 41. Rcc7 Rxc7 42. Rxc7+ Kf6 43. a6 Ra4 44. a7 e4 45. fxe4 Ra1+ 46. Kh2
h5 47. Rd7 Ke5 48. Re7+ Kd4 49. h4 Ra3 50. Kg1 Ra2 51. e5 Kxd5 52. exd6 Kxd6
53. Rg7 Ke5 54. Rxg6 Rxa7 55. Rg5+ Ke4 56. Rxh5 f3 57. gxf3+ Kxf3 58. Kh2 Kg4
59. Rh8 Ra2+ 1/2-1/2

[Event "8MCR_4D_1L_4S"]
[Site "?"]
[Date "2008.??.??"]
[Round "?"]
[White "Karasova, Eva"]
[Black "Bares, Jiri"]
[Result "1-0"]
[WhiteElo "1900"]
[BlackElo "2259"]
[PlyCount "109"]
[EventDate "2008.??.??"]
[EventType "corr"]

1. e4 c5 2. Nf3 d6 3. d4 cxd4 4. Nxd4 Nf6 5. Nc3 a6 6. Bg5 e6 7. f4 Qb6 8. Qd2
Qxb2 9. Rb1 Qa3 10. e5 dxe5 11. fxe5 Nfd7 12. Ne4 Qxa2 13. Rd1 h6 14. Bh4 Qd5
15. Qe3 Qxe5 16. Be2 Bc5 17. Bg3 Bxd4 18. Rxd4 Qa5+ 19. Rd2 O-O 20. Bd6 Re8 21.
O-O f5 22. Qg3 Nc6 23. Qg6 Qd8 24. Rd3 Re7 25. Rg3 Nd4 26. Bd3 b5 27. Rf4 fxe4
28. Bxe7 Qxe7 29. Qxe4 Nf6 30. Qxa8 Qc5 31. Rf2 Nf5 32. Rgf3 Kf7 33. Be4 a5 34.
Qc6 Qxc6 35. Bxc6 Nd4 36. Rc3 Nxc6 37. Rxc6 Bd7 38. Ra6 a4 39. c4 bxc4 40. Rc2
c3 41. Ra7 Ke7 42. Rxc3 e5 43. Ra6 e4 44. Rc7 Kd8 45. Raa7 h5 46. Rcb7 Kc8 47.
Kf1 h4 48. Ke2 g6 49. h3 g5 50. Kd2 Kd8 51. Rb6 Nd5 52. Rg6 e3+ 53. Ke1 Nc7 54.
Rg7 Kc8 55. Rg8+ 1-0

[Event "8MCR_4D_1L_4S"]
[Site "?"]
[Date "2008.??.??"]
[Round "?"]
[White "Karasova, Eva"]
[Black "Chvojka, Jaroslav"]
[Result "1-0"]
[WhiteElo "1900"]
[BlackElo "2231"]
[PlyCount "84"]
[EventDate "2008.??.??"]
[EventType "corr"]

1. e4 c6 2. d4 d5 3. e5 Bf5 4. Nf3 e6 5. Be2 Ne7 6. O-O Nd7 7. Nbd2 Ng6 8. Nb3
Bg4 9. h3 Bxf3 10. Bxf3 Be7 11. g3 c5 12. c3 a5 13. a4 O-O 14. h4 Nh8 15. Re1
cxd4 16. cxd4 Qb6 17. Re3 Bb4 18. Be2 f6 19. Bb5 Rad8 20. Bd2 fxe5 21. Bxb4
axb4 22. dxe5 Ng6 23. Nd4 Nc5 24. a5 Qa7 25. h5 Ne7 26. Qg4 Nf5 27. Nxf5 Rxf5
28. h6 b6 29. Rc1 g6 30. Qxb4 Ne4 31. a6 Rff8 32. Rxe4 dxe4 33. Qxe4 Qf7 34.
Qe3 Kh8 35. Be2 Rb8 36. Rc6 b5 37. Bg4 Rbe8 38. Qb6 Rb8 39. Qc5 Ra8 40. Rc7 Qe8
41. b4 Qd8 42. a7 Qe8 1-0

[Event "8MCR_4D_1L_4S"]
[Site "?"]
[Date "2008.??.??"]
[Round "?"]
[White "Karasova, Eva"]
[Black "Ertlova, Natalie"]
[Result "1/2-1/2"]
[WhiteElo "1900"]
[BlackElo "1600"]
[PlyCount "112"]
[EventDate "2008.??.??"]
[EventType "corr"]

1. e4 e5 2. Nf3 Nc6 3. Bb5 a6 4. Ba4 Nf6 5. O-O Be7 6. Re1 b5 7. Bb3 d6 8. c3
O-O 9. h3 Bb7 10. d4 Re8 11. Nbd2 Bf8 12. a4 h6 13. Bc2 exd4 14. cxd4 Nb4 15.
b3 Nxc2 16. Qxc2 d5 17. e5 Ne4 18. axb5 axb5 19. Bb2 Qd7 20. Nxe4 dxe4 21. Nd2
Bb4 22. Rxa8 Bxa8 23. Bc3 Qc6 24. Nxe4 Bf8 25. b4 Bxb4 26. f3 Bf8 27. Qb2 Qc4
28. Nd2 Qd3 29. Kf2 Be7 30. Bb4 Bxb4 31. Qxb4 Rd8 32. Nb3 Qc4 33. Qxc4 bxc4 34.
Nc5 Rxd4 35. Na6 c3 36. Ke3 Rd5 37. Rc1 Bb7 38. Nb4 Rxe5+ 39. Kf2 Rb5 40. Nd3
Rb3 41. Nc5 Rb2+ 42. Kg3 Bd5 43. Rxc3 Kf8 44. h4 Ke7 45. Nd3 Rb7 46. Nf4 c6 47.
Nxd5+ cxd5 48. Rc6 Rd7 49. Kf4 Rd6 50. Rc2 Kf6 51. Ke3 Ra6 52. Kd4 Ke6 53. h5
Ra4+ 54. Kd3 Ra7 55. Rb2 Ke5 56. g3 Ra3+ 1/2-1/2

[Event "8MCR_4D_1L_4S"]
[Site "?"]
[Date "2008.??.??"]
[Round "?"]
[White "Karasova, Eva"]
[Black "Kyhos, Alois"]
[Result "1/2-1/2"]
[WhiteElo "1900"]
[BlackElo "2121"]
[PlyCount "96"]
[EventDate "2008.??.??"]
[EventType "corr"]

1. e4 e5 2. Nf3 Nc6 3. Bb5 a6 4. Ba4 Nf6 5. O-O Nxe4 6. d4 b5 7. Bb3 d5 8. dxe5
Be6 9. Nbd2 Nc5 10. c3 d4 11. Bxe6 Nxe6 12. cxd4 Ncxd4 13. a4 Be7 14. Nxd4 Nxd4
15. Ne4 O-O 16. axb5 Nxb5 17. Be3 Qc8 18. Qc2 Qe6 19. f4 Rfe8 20. Ra4 f6 21.
exf6 Bxf6 22. f5 Qe5 23. Nxf6+ Qxf6 24. Bf2 Re5 25. Bg3 Re7 26. Rg4 Kh8 27. Bh4
Qb6+ 28. Kh1 Rf7 29. Qe4 Rb8 30. f6 Nd6 31. Qf3 g6 32. b4 a5 33. bxa5 Qxa5 34.
Be1 Qa2 35. h4 Re8 36. Bc3 Qe2 37. Kg1 Qe3+ 38. Qxe3 Rxe3 39. Bd4 Re6 40. g3
Re2 41. Rf3 Nb5 42. Ba1 Kg8 43. Ra4 Nd6 44. Kf1 Re8 45. g4 h6 46. Kg2 Ne4 47.
Rf4 Nc5 48. Rac4 Ne6 1/2-1/2

[Event "8MCR_4D_1L_4S"]
[Site "?"]
[Date "2008.??.??"]
[Round "?"]
[White "Karasova, Eva"]
[Black "Mudra, Oldrich"]
[Result "1-0"]
[WhiteElo "1900"]
[BlackElo "2116"]
[PlyCount "99"]
[EventDate "2008.??.??"]
[EventType "corr"]

1. e4 c6 2. d4 d5 3. e5 Bf5 4. Nf3 e6 5. Be2 Ne7 6. O-O Nd7 7. Nh4 Bg6 8. Nd2
Nf5 9. Nxg6 hxg6 10. Nf3 Be7 11. c3 Nh4 12. Nxh4 Rxh4 13. a4 Qc7 14. g3 Rh7 15.
a5 a6 16. Bd2 O-O-O 17. f4 Rdh8 18. Rf2 Nc5 19. dxc5 Bxc5 20. h4 g5 21. h5 gxf4
22. Bxf4 f6 23. exf6 e5 24. Bd2 gxf6 25. Kf1 Bxf2 26. Kxf2 f5 27. Qh1 Kb8 28.
Qh4 Rf7 29. h6 Ka8 30. Bg5 Qd6 31. Rf1 c5 32. Kg1 Rhf8 33. Bd3 Qg6 34. g4 e4
35. Be2 Rg8 36. Bf4 fxg4 37. Be5 Rh7 38. Rf6 Qe8 39. Bd6 Qc8 40. Kg2 d4 41. Bc4
Re8 42. Qh5 Rd7 43. Be6 Rxe6 44. Rxe6 Rd8 45. Qd5 d3 46. Rf6 Qc6 47. Qxc6 bxc6
48. Bf4 d2 49. Bxd2 Rxd2+ 50. Kg3 1-0

[Event "8MCR_4D_1L_4S"]
[Site "?"]
[Date "2008.??.??"]
[Round "?"]
[White "Karasova, Eva"]
[Black "Sojka, Vaclav"]
[Result "1/2-1/2"]
[WhiteElo "1900"]
[BlackElo "2000"]
[PlyCount "120"]
[EventDate "2008.??.??"]
[EventType "corr"]

1. e4 c5 2. Nf3 Nc6 3. d4 cxd4 4. Nxd4 Nf6 5. Nc3 e5 6. Ndb5 d6 7. Bg5 a6 8.
Na3 b5 9. Bxf6 gxf6 10. Nd5 Bg7 11. Bd3 Ne7 12. Nxe7 Qxe7 13. O-O O-O 14. c4 f5
15. Qh5 Rb8 16. exf5 e4 17. Rae1 Bb7 18. Qg4 Kh8 19. Bxe4 Rfe8 20. Bd3 Qxe1 21.
f6 Bh6 22. Qh5 Qd2 23. Qf5 Be4 24. Bxe4 Rxe4 25. Qxe4 Qxb2 26. Re1 Rg8 27. Qd3
b4 28. Nc2 a5 29. g3 Qxf6 30. Nd4 Rc8 31. Re4 a4 32. Kg2 Bg7 33. Nc6 b3 34.
axb3 a3 35. Re2 h6 36. Nb4 Rb8 37. Na2 Qd4 38. Qxd4 Bxd4 39. b4 Kg7 40. Rd2 Bf6
41. Rxd6 Be7 42. Ra6 Bxb4 43. Nxb4 Rxb4 44. Rxa3 Rxc4 45. Ra2 Kg6 46. f4 Rb4
47. Kh3 Rc4 48. Ra5 Rb4 49. Kg4 Rc4 50. h4 Rc3 51. h5+ Kf6 52. Kh4 Rc4 53. Ra6+
Kg7 54. Rd6 Rc1 55. Kg4 Rc4 56. Kh3 Rb4 57. Rd5 Ra4 58. Rd3 Rc4 59. Kg2 Rc5 60.
g4 f5 1/2-1/2

[Event "8MCR_4D_1L_4S"]
[Site "?"]
[Date "2008.??.??"]
[Round "?"]
[White "Klimecka, Alena"]
[Black "Ertlova, Natalie"]
[Result "0-1"]
[WhiteElo "1600"]
[BlackElo "1600"]
[PlyCount "56"]
[EventDate "2008.??.??"]
[EventType "corr"]

1. e4 e5 2. Nf3 Nc6 3. Bc4 Bc5 4. d3 Nf6 5. O-O d6 6. Nc3 Bg4 7. h3 Bh5 8. Bg5
h6 9. Bxf6 Qxf6 10. Nd5 Qd8 11. c3 a6 12. g4 Bg6 13. b4 Ba7 14. a4 h5 15. g5
Ne7 16. b5 O-O 17. bxa6 bxa6 18. Nxe7+ Qxe7 19. a5 c6 20. Qd2 Rad8 21. Bxa6 d5
22. Qe2 Ra8 23. Rfb1 Bxf2+ 24. Kxf2 Rxa6 25. exd5 cxd5 26. Rb5 e4 27. dxe4 Bxe4
28. Rxd5 Re6 0-1

[Event "8MCR_4D_1L_4S"]
[Site "?"]
[Date "2008.??.??"]
[Round "?"]
[White "Kosek, Lubomir"]
[Black "Karasova, Eva"]
[Result "0-1"]
[WhiteElo "2062"]
[BlackElo "1900"]
[PlyCount "112"]
[EventDate "2008.??.??"]
[EventType "corr"]

1. e4 e5 2. Nf3 Nc6 3. Bc4 Bc5 4. d3 Nf6 5. c3 O-O 6. O-O d6 7. Bb3 h6 8. h3 a6
9. Re1 Re8 10. Nbd2 Be6 11. Bc2 Ba7 12. Nf1 d5 13. Qe2 Qd7 14. Ng3 Rad8 15. Bd2
b5 16. a4 Bb6 17. d4 exd4 18. axb5 axb5 19. Qxb5 Bxh3 20. exd5 dxc3 21. Rxe8+
Rxe8 22. dxc6 Qg4 23. Qxb6 cxb6 24. bxc3 Qc4 25. gxh3 Qxc6 26. Nd4 Qc7 27. Bd1
Nd7 28. Ngf5 Nc5 29. Bf3 Ne4 30. Re1 Nd6 31. Rxe8+ Nxe8 32. Nc6 Qd7 33. Be3 Kf8
34. Ng3 Qxh3 35. Bxb6 Qe6 36. Bc5+ Kg8 37. Bd4 Kh7 38. Be4+ Kh8 39. Ne5 Nd6 40.
Bd3 Kg8 41. Kg2 Qd5+ 42. Kg1 Qb3 43. Nf5 Qd1+ 44. Kg2 Nxf5 45. Bxf5 Qh5 46. Bd7
Qg5+ 47. Kf3 f6 48. Be6+ Kh7 49. Ng4 Qh5 50. Kg3 Qg6 51. Kf4 Kh8 52. Ne3 h5 53.
Kf3 Qg1 54. Bh3 h4 55. Nf1 Kg8 56. Ke2 Kf7 0-1

[Event "8MCR_4D_1L_4S"]
[Site "?"]
[Date "2008.??.??"]
[Round "?"]
[White "Kosek, Lubomir"]
[Black "Krizek, Alex"]
[Result "1-0"]
[WhiteElo "2062"]
[BlackElo "1956"]
[PlyCount "65"]
[EventDate "2008.??.??"]
[EventType "corr"]

1. e4 c5 2. Nf3 d6 3. d4 cxd4 4. Nxd4 Nf6 5. Nc3 a6 6. Be2 e5 7. Nb3 Be7 8. O-O
O-O 9. Be3 Nc6 10. f3 Be6 11. Nd5 Bxd5 12. exd5 Nb8 13. c4 Nbd7 14. Qd3 Nh5 15.
g3 f5 16. f4 Qe8 17. fxe5 Nxe5 18. Qd1 Nf6 19. Rxf5 Qg6 20. Rf4 Rac8 21. Nd4
Nxc4 22. Nf5 Bd8 23. Bxc4 Rxc4 24. Rxc4 Qxf5 25. Ba7 b6 26. Qb3 Nd7 27. Rf4 Qe5
28. Rxf8+ Kxf8 29. Rf1+ Kg8 30. Qd3 Qxb2 31. Qf5 Qd4+ 32. Kg2 Nf6 33. Qe6+ 1-0

[Event "8MCR_4D_1L_4S"]
[Site "?"]
[Date "2008.??.??"]
[Round "?"]
[White "Kosek, Lubomir"]
[Black "Schoupal, Patrik"]
[Result "1/2-1/2"]
[WhiteElo "2062"]
[BlackElo "2000"]
[PlyCount "52"]
[EventDate "2008.??.??"]
[EventType "corr"]

1. e4 c5 2. Nf3 d6 3. d4 cxd4 4. Nxd4 Nf6 5. Nc3 a6 6. Be2 e5 7. Nb3 Be7 8. O-O
O-O 9. Be3 Be6 10. Qd2 Nbd7 11. a4 Rc8 12. a5 Qc7 13. Rfd1 Rfd8 14. Qe1 Qc6 15.
Bf3 h6 16. Nc1 Qc7 17. N1e2 Re8 18. Ng3 Kh7 19. Be2 g6 20. f3 Kg7 21. Qd2 h5
22. Nh1 h4 23. Nf2 Rh8 24. Bf1 Rh5 25. Kh1 Rhh8 26. Be2 Nh5 1/2-1/2

[Event "8MCR_4D_1L_4S"]
[Site "?"]
[Date "2008.??.??"]
[Round "?"]
[White "Kosek, Lubomir"]
[Black "Tomisek, Petr"]
[Result "1/2-1/2"]
[WhiteElo "2062"]
[BlackElo "2186"]
[PlyCount "81"]
[EventDate "2008.??.??"]
[EventType "corr"]

1. e4 e5 2. Nf3 Nc6 3. Bc4 Nf6 4. d3 Be7 5. c3 O-O 6. Bb3 d5 7. Nbd2 dxe4 8.
dxe4 Qd3 9. Bc4 Qd6 10. O-O Bg4 11. h3 Bh5 12. Qc2 Rfd8 13. b4 a6 14. a4 Nd7
15. Be2 Qe6 16. Rd1 Nb6 17. a5 Nc8 18. Nb3 N8a7 19. Be3 Nb5 20. Nc5 Bxc5 21.
Bxc5 h6 22. Ng5 Qg6 23. Bxh5 Qxh5 24. Nf3 Qg6 25. Rac1 Re8 26. Rd5 Rad8 27.
Rcd1 Nbd4 28. Nxd4 exd4 29. Rxd8 Nxd8 30. Bxd4 Rxe4 31. Kh2 Nc6 32. f3 Qd6+ 33.
Kh1 Re6 34. Bf2 Qf4 35. Rd7 b5 36. Kg1 g5 37. Rd3 Kg7 38. Qb2 Kg8 39. Qc2 Kg7
40. Qb2 Kg8 41. Qc2 1/2-1/2

[Event "8MCR_4D_1L_4S"]
[Site "?"]
[Date "2008.??.??"]
[Round "?"]
[White "Kosek, Lubomir"]
[Black "Vacek, Frantisek"]
[Result "1-0"]
[WhiteElo "2062"]
[BlackElo "2131"]
[PlyCount "103"]
[EventDate "2008.??.??"]
[EventType "corr"]

1. e4 e5 2. Nf3 Nc6 3. Bc4 Bc5 4. d3 Nf6 5. c3 d6 6. Bb3 a6 7. O-O O-O 8. Nbd2
b5 9. h3 Bb6 10. Re1 Qe7 11. Nf1 Bd7 12. Bg5 Na5 13. Bc2 Rfd8 14. Qd2 h6 15.
Bh4 c5 16. Ne3 Be6 17. Nd5 Bxd5 18. exd5 Nb7 19. d4 Bc7 20. Nh2 h5 21. Re3 e4
22. Qd1 Re8 23. Rxe4 Nxe4 24. Bxe7 Rxe7 25. Qxh5 cxd4 26. cxd4 Rae8 27. Ng4 Bb6
28. Rd1 Rc7 29. Bxe4 Rxe4 30. Qf5 Re8 31. Qg5 Kf8 32. Ne3 Re4 33. Nf5 g6 34.
Ng3 Re8 35. Qh6+ Ke7 36. Ne4 Rd8 37. Qg7 Kd7 38. Qxf7+ Kc8 39. Qxg6 Kb8 40. g4
Ka7 41. g5 Rcc8 42. Qe6 Rg8 43. Qg4 Rcf8 44. h4 Rg7 45. h5 b4 46. h6 Rh7 47.
Qh5 Re7 48. f3 b3 49. axb3 Re5 50. h7 Ref5 51. h8=Q Rxh8 52. Qxh8 1-0

[Event "8MCR_4D_1L_4S"]
[Site "?"]
[Date "2008.??.??"]
[Round "?"]
[White "Kosek, Lubomir"]
[Black "Zimniok, Lubomir"]
[Result "1/2-1/2"]
[WhiteElo "2062"]
[BlackElo "2000"]
[PlyCount "49"]
[EventDate "2008.??.??"]
[EventType "corr"]

1. e4 d5 2. exd5 Qxd5 3. Nc3 Qd6 4. d4 Nf6 5. Nf3 a6 6. Be2 Nc6 7. O-O Bg4 8.
Be3 e6 9. Qc1 Be7 10. Rd1 O-O 11. Bf4 Qb4 12. Ne5 Bxe2 13. Nxc6 bxc6 14. Nxe2
Qa5 15. Be5 Nd7 16. Bf4 Bd6 17. Qe3 Nf6 18. c4 Qf5 19. h3 Rab8 20. b3 Rfd8 21.
Be5 a5 22. Ng3 Qg6 23. Rac1 a4 24. bxa4 Ra8 25. Qf3 1/2-1/2

[Event "8MCR_4D_1L_4S"]
[Site "?"]
[Date "2008.??.??"]
[Round "?"]
[White "Krizek, Alex"]
[Black "Bares, Jiri"]
[Result "0-1"]
[WhiteElo "1956"]
[BlackElo "2259"]
[PlyCount "62"]
[EventDate "2008.??.??"]
[EventType "corr"]

1. e4 c5 2. Nf3 d6 3. Bb5+ Bd7 4. Bxd7+ Qxd7 5. O-O Nc6 6. d4 cxd4 7. Nxd4 Nf6
8. Nc3 g6 9. Nxc6 bxc6 10. Bg5 Bg7 11. Qd2 Rb8 12. Rab1 O-O 13. f3 Rfd8 14. Bh6
Bxh6 15. Qxh6 d5 16. exd5 cxd5 17. Qf4 d4 18. Ne4 Nd5 19. Qd2 Ne3 20. Rfe1 f5
21. Nc5 Qd5 22. Nd3 e5 23. b3 f4 24. Rbc1 Rbc8 25. Nf2 Qb5 26. Ne4 Qb6 27. Kh1
Rc6 28. Qd3 Rdc8 29. Re2 Qa5 30. a4 Rxc2 31. Rexc2 Rxc2 0-1

[Event "8MCR_4D_1L_4S"]
[Site "?"]
[Date "2008.??.??"]
[Round "?"]
[White "Krizek, Alex"]
[Black "Chvojka, Jaroslav"]
[Result "0-1"]
[WhiteElo "1956"]
[BlackElo "2231"]
[PlyCount "78"]
[EventDate "2008.??.??"]
[EventType "corr"]

1. e4 c6 2. d4 d5 3. exd5 cxd5 4. Nf3 Nf6 5. Nc3 Nc6 6. Be2 Bg4 7. O-O e6 8.
Bg5 Bd6 9. Nb5 Be7 10. Ne5 Bxe2 11. Qxe2 a6 12. Nxc6 bxc6 13. Nc3 Qb6 14. Qd3
Qxb2 15. Rab1 Qa3 16. Qg3 Bd6 17. Qf3 Rb8 18. Rxb8+ Bxb8 19. Bxf6 gxf6 20. Qxf6
Rg8 21. Qf3 Bc7 22. Rb1 Qa5 23. Qe3 Kd7 24. f4 Rb8 25. Rxb8 Bxb8 26. f5 Bd6 27.
fxe6+ fxe6 28. Qd3 c5 29. Kf1 cxd4 30. Qxh7+ Be7 31. Ne2 Qxa2 32. g4 Qa1+ 33.
Kf2 a5 34. g5 Qb2 35. Qd3 Bxg5 36. Nxd4 a4 37. Qb5+ Qxb5 38. Nxb5 Bf6 39. Ke3
Bb2 0-1